000 01522cam a22004214a 4500
999 _c329662
_d329662
001 15705030
003 ASAB
005 20170517120956.0
008 090419s2010 nyua b 001 0 eng c
010 _a 2009927086
016 7 _a101530304
_2DNLM
020 _a9781441905390 (alk. paper)
020 _a1441905391 (alk. paper)
020 _a9781441905406 (eISBN)
020 _a1441905405 (eISBN)
035 _a(OCoLC)ocn642278109
040 _cASAB
042 _apcc
050 0 0 _aQR182.2.I46
_bB56 2010
060 0 0 _a2010 E-345
060 1 0 _aQW 26.5
_bB615 2010
082 0 0 _a616.07/90285
_223
245 0 0 _aBioinformatics for immunomics /
_cDarren R. Flower, Matthew N. Davies, Shoba Ranganathan, editors.
260 _aNew York :
_bSpringer,
_cc2010.
300 _axvi, 192 p. ;
_bill. ;
_c24 cm.
490 1 _aImmunomics reviews ;
_vv. 3
504 _aIncludes bibliographical references and index.
650 0 _aImmunoinformatics.
_9956
650 1 2 _aComputational Biology.
_9957
650 1 2 _aImmune System.
_9958
650 2 2 _aGenomics.
_9959
650 2 2 _aModels, Immunological.
_9960
700 1 _aFlower, Darren R.
_9961
700 1 _aDavies, Matthew N.
_9962
700 1 _aRanganathan, Shoba.
_9963
830 0 _aImmunomics reviews ;
_vv. 3.
_9964
906 _a7
_bcbc
_cpccadap
_d2
_encip
_f20
_gy-gencatlg
942 _2ddc
_cBK